Nominés pour les Oscars du Midi Olympique - 2023. - Statistiques

Statistiques générales
  • Ce quiz a été pris 77 fois
  • Le résultat moyen est 23 sur 42
Statistiques - réponses
Club Joueur % Correct
Stade toulousain Antoine Dupont
95%
Stade toulousain Antoine Dupont
95%
Stade rochelais Grégory Alldritt
95%
Stade rochelais Grégory Alldritt
95%
Stade rochelais Grégory Alldritt
95%
Stade toulousain Romain Ntamack
85%
Union Bordeaux-Bègles Matthieu Jalibert
72%
Stade toulousain Thomas Ramos
72%
Section paloise Emilien Gailleton
70%
Section paloise Emilien Gailleton
70%
Racing 92 Gaël Fickou
70%
Union Bordeaux-Bègles Maxime Lucu
67%
Racing 92 Finn Russell
62%
Stade rochelais Uini Atonio
62%
Leinster Jonathan Sexton
60%
Lyon OU Josua Tuisova
58%
Union Bordeaux-Bègles Louis Bielle-Biarrey
58%
Stade rochelais Jonathan Danty
55%
Stade rochelais Will Skelton
55%
Stade rochelais Will Skelton
55%
Aviron bayonnais Camille Lopez
53%
ASM Clermont Baptiste Jauneau
52%
ASM Clermont Damian Penaud
52%
Stade français Léo Barré
50%
Stade français Léo Barré
50%
RC Toulon Baptiste Serin
48%
Stade rochelais Antoine Hastoy
45%
Stade toulousain Emmanuel Meafou
45%
Montpellier HR Zach Mercer
45%
RC Toulon Charles Ollivon
42%
RC Toulon Facundo Isa
40%
Leinster James Lowe
38%
Stade toulousain Thibaud Flament
37%
Section paloise Beka Gorgadze
33%
Stade français Sekou Macalou
30%
Racing 92 Nolann Le Garrec
28%
Lyon OU Ethan Dumortier
27%
USA Perpignan Tristan Tedder
27%
Leinster Cealan Doris
20%
Leinster Gary Ringrose
20%
Castres olympique Julien Dumora
18%
Aviron bayonnais Uzair Cassiem
17%
Aucun quiz correspondant
Distribution des résultats
% des personnes avec chaque résultat
Percentile par nombre de réponses
Votre historique - résultats
Vous n’avez pas pris ce quiz